The Shadow Lines (Record no. 41584)

MARC details
000 -LEADER
fixed length control field 00429nam a2200181Ia 4500
008 - FIXED-LENGTH DATA ELEMENTS--GENERAL INFORMATION
fixed length control field 220531s9999 xx 000 0 und d
041 ## - LANGUAGE CODE
Language code of text/sound track or separate title eng
082 ## - DEWEY DECIMAL CLASSIFICATION NUMBER
Item number THE / GHO
100 ## - MAIN ENTRY--PERSONAL NAME
Personal name Ghosh,Amitav
9 (RLIN) 74710
245 ## - TITLE STATEMENT
Title The Shadow Lines
250 ## - EDITION STATEMENT
Edition statement 2ND
260 ## - PUBLICATION, DISTRIBUTION, ETC. (IMPRINT)
Place of publication, distribution, etc. Pune
Name of publisher, distributor, etc. Penguin
Date of publication, distribution, etc. 1988
300 ## - PHYSICAL DESCRIPTION
Extent 277
542 ## - INFORMATION RELATING TO COPYRIGHT STATUS
Copyright holder 18-01-2019
650 ## - SUBJECT ADDED ENTRY--TOPICAL TERM
Topical term or geographic name as entry element English
9 (RLIN) 74711
906 ## - LOCAL DATA ELEMENT F, LDF (RLIN)
c B.A.
d 2018-2019
f 16210
Holdings
Withdrawn status Lost status Source of classification or shelving scheme Damaged status Not for loan Collection code Home library Current library Date acquired Vendor Cost, normal purchase price Total Checkouts Total Holds Full call number Barcode Date last seen Bill Date Koha item type Original Barcode
Withdrawn   Dewey Decimal Classification       Shri Siddhivinayak Mahila Mahavidyalaya Shri Siddhivinayak Mahila Mahavidyalaya 25/01/2019 Elantas Beck Co 399.00   5 /THE/GHO/B/28831 SSMM-BK-28831 06/08/2022 06/08/2022 Books 010028831